Immortality and resurrection. Death in the western world : Two conflicting currents of thought / Krister Stendahl, Editor (Registro nro. 32123)
[ vista simple ]
| 000 -LÍDER | |
|---|---|
| Campo fijo de descripción fija | 007790000a22001930004500 |
| 041 0# - CÓDIGO DE IDIOMA | |
| Código de idioma para texto/pista de sonido o título separado | |
| 082 04 - NÚMERO DE CLASIFICACIÓN DECIMAL DEWEY | |
| Número de clasificación | G 129 C9678i |
| 001 - NÚMERO DE CONTROL | |
| Campo de control | 625 |
| 245 10 - TÍTULO | |
| Título del Material | Immortality and resurrection. Death in the western world : Two conflicting currents of thought / Krister Stendahl, Editor |
| 260 ## - PUBLICACIÓN, DISTRIBUCIÓN, ETC. (PIE DE IMPRENTA) | |
| Lugar de publicación, distribución, etc. | New York, N.Y., USA : MacMillan |
| 300 ## - DESCRIPCIÓN FÍSICA | |
| Extensión | 149 páginas |
| 336 ## - CONTENT TYPE | |
| Content type term | texto |
| Content type code | txt |
| Source | rdacontent |
| 337 ## - MEDIA TYPE | |
| Source | rdamedia |
| Media type term | sin mediación |
| Media type code | n |
| 338 ## - CARRIER TYPE | |
| Source | rdacarrier |
| Carrier type term | volumen |
| Carrier type code | nc |
| 501 ## - NOTA DE “CON” | |
| Nota de Contenido | Rústico |
| 505 00 - NOTA DE CONTENIDO | |
| Nota de contenido con formato preestablecido | Ensayos sobre la inmortalidad del alma y la resurrección de los muertos -- La filosofía de los padres de la iglesia -- Las ideas de los griegos sobre la inmortalidad -- La inmortalidad en los pensamientos de Jesús |
| 650 14 - ASIENTO SECUNDARIO DE MATERIA - TERMINO TEMÁTICO | |
| Término temático o nombre geográfico como elemento de entrada | INMORTALIDAD \ RESURRECCION |
| 942 ## - TIPO DE MATERIAL (KOHA) | |
| Tipo de Item KOHA | Libros General |
| Estado de Material | Estado de Perdido | Estado de Dañado | No para Préstamo | Colección | Tomo | Biblioteca de Origen | Biblioteca Permanente | Fecha de Adquisición | Total de Préstamos | Signatura Topográfica | Código de Barras | Última vez visto | Ejemplar/Existencia | Fecha de Remplazo | Tipo de Material |
|---|---|---|---|---|---|---|---|---|---|---|---|---|---|---|---|
| Colección General | Biblioteca FUSBC | Biblioteca FUSBC | 20/09/2004 | G 129 C9678i | 95 | 12/12/2019 | 1 | 26/01/2016 | Libros General |
